[Event "ROU-ch Men 2018"]
[Site "Olanesti"]
[Date "2018.05.20"]
[Round "7"]
[White "Istratescu, Andrei"]
[Black "Banzea, Alexandru-Bogdan"]
[Result "1-0"]
[WhiteElo "2589"]
[BlackElo "2325"]
[Annotator "TA"]
[PlyCount "47"]
[EventDate "2018.??.??"]
[EventType "swiss"]
[EventCountry "ROU"]
[SourceTitle "playchess.com"]
[Source "ChessBase"]
[SourceQuality "1"]

{[%evp 17,47,10,23,18,14,-12,65,70,89,88,87,44,56,29,43,42,73,59,66,56,253,240,237,238,536,528,508,309,304,308,432,442]} 1. e4 c6 2. d4 d5 3. e5 Bf5 4. h4 h5 5. Bd3 Bxd3 6. Qxd3 e6 7. Bg5 {B12: Caro-Kann: Advance Variation} Be7 8. Nf3 Nh6 9. Nbd2 (9. Nc3 Nd7 10. Ne2 c5 11. Nf4 cxd4 12. Nxh5 Qa5+ 13. Bd2 Qb6 14. Nxg7+ Kf8 {0-1 (41) Saric,I (2664)-Le,Q (2737) chess.com INT 2018}) 9... Nf5 {LiveBook: 12 Games} 10. c3 Nd7 11. Nf1 c5 $146 (11... f6 $11 12. exf6 gxf6) ({Predecessor:} 11... Bxg5 12. Nxg5 Nxh4 13. Rxh4 Qxg5 14. Qh3 O-O-O {0-1 (32) Greibrokk,I (1630)-Machlik,E (1763) Budapest 2014}) 12. Ne3 $14 Nxe3 13. fxe3 Nf8 14. dxc5 f6 $1 {[%cal Rf6g5]} 15. Bf4 Bxc5 16. O-O-O $36 {[%mdl 2048] White has some pressure.} Qb6 17. e4 O-O-O 18. exd5 exd5 $2 {[#]} ({Black should play} 18... Rxd5 $14 19. Qc2 Nd7) 19. exf6 $18 gxf6 20. Rhe1 Ne6 $2 (20... Qc6 21. Qf5+ Qd7 22. Qxf6 Rg8) 21. Qf5 $1 {[%csl LRd5,LRe6,LRf6]} Rhe8 22. Rxd5 Rxd5 23. Qxd5 Qc6 (23... Bf2 $142) 24. Qxh5 {Precision: White = 82%, Black = 37%.} 1-0

[Event "ROU-ch Men 2018"]
[Site "Olanesti"]
[Date "2018.05.20"]
[Round "7"]
[White "Deac, Bogdan-Daniel"]
[Black "Nevednichy, Vladislav"]
[Result "1/2-1/2"]
[WhiteElo "2575"]
[BlackElo "2532"]
[Annotator "TA"]
[PlyCount "119"]
[EventDate "2018.??.??"]
[EventType "swiss"]
[EventCountry "ROU"]
[SourceTitle "playchess.com"]
[Source "ChessBase"]
[SourceQuality "1"]

{[%evp 18,119,33,34,25,25,39,27,27,27,27,27,41,33,37,27,33,15,32,9,31,20,40,10,27,28,43,58,58,46,48,31,83,67,83,49,79,48,83,91,81,28,31,29,16,0,42,40,44,53,75,0,7,0,0,-26,-27,-37,-27,-37,-29,-59,-43,-59,-45,-59,-59,-59,-59,-59,-59,-59,-59,-59,-59,-59,-26,-59,-54,-62,-53,-47,-40,-55,-26,-26,-26,-26,-27,-27,-27,-27,-27,-27,-34,-34,-34,-59,-35,-35,0,0,0,0]} 1. d4 d5 2. c4 e6 3. Nf3 Nf6 4. Nc3 a6 5. cxd5 exd5 6. Bg5 {D37: Queen's Gambit Declined: 5 Bf4} Be6 7. e3 Nbd7 8. Bd3 Bd6 9. Bf4 Qe7 10. O-O {LiveBook: 3 Games} O-O 11. h3 c6 12. Qd2 $146 ({Predecessor:} 12. Qc2 Rfe8 13. Rae1 g6 {1-0 (40) Aronian,L (2801)-Oleksienko,M (2615) Germany 2018}) 12... Rfe8 13. Rfe1 h6 14. a3 a5 15. Qc2 Rec8 16. Rac1 b5 17. Bxd6 Qxd6 18. Nd2 Nb6 19. f4 Nc4 20. Nb3 Re8 21. Nc5 Bc8 22. Qf2 Qd8 23. e4 dxe4 $1 24. N3xe4 Nd6 (24... Be6 $14) 25. Nxf6+ Qxf6 26. Rxe8+ Nxe8 27. g4 (27. Ne4 {looks sharper.} Qg6 28. g4 Qe6 29. f5 Qd7 30. Bf1) 27... Qd8 28. Be4 Qd6 29. Nd3 (29. Bf3 $16) 29... Bd7 $11 30. Ne5 Nf6 31. Bxc6 Bxc6 32. Rxc6 Qd5 33. Rc5 Qe4 34. Rxb5 ({White should play} 34. g5 $16 Nh5 35. Kh2) 34... Rd8 35. Rc5 Nd5 36. Kh2 (36. Rxa5 Nxf4 37. Kh2 Rc8 $19) 36... Nxf4 37. Rc3 Rxd4 38. Qc2 $1 g5 39. Nf3 Qxc2+ 40. Rxc2 $15 {[%mdl 4096] Endgame KRN-KRN} Rd3 41. Rc3 a4 $1 42. Rxd3 Nxd3 {KN-KN} 43. Nd2 Nxb2 44. Kg3 Kg7 {...Kf6 is the strong threat.} 45. Ne4 Nc4 46. Nc5 Nb6 {[#] White must now prevent ...Kf6.} 47. Ne4 f6 48. Nc5 Kg6 49. h4 $1 Kf7 50. hxg5 hxg5 {And now ...Ke7 would win.} 51. Kf3 Nc4 52. Nxa4 Nxa3 53. Nb2 Ke6 54. Ke4 $1 Nb5 55. Nd1 Nd6+ 56. Kd4 Nf7 57. Nf2 Ne5 58. Ke4 Nxg4 59. Nxg4 f5+ 60. Kf3 {Precision: White = 65%, Black = 52%.} 1/2-1/2

[Event "ROU-ch Men 2018"]
[Site "Olanesti"]
[Date "2018.05.20"]
[Round "7"]
[White "Marin, Mihail"]
[Black "Stanciu, Alexandru-Ovidiu"]
[Result "1-0"]
[WhiteElo "2543"]
[BlackElo "2363"]
[Annotator "TA"]
[PlyCount "115"]
[EventDate "2018.??.??"]
[EventType "swiss"]
[EventCountry "ROU"]
[SourceTitle "playchess.com"]
[Source "ChessBase"]
[SourceQuality "1"]

{[%evp 22,115,8,12,37,36,77,35,60,68,70,82,97,41,88,98,86,95,162,145,161,160,185,175,277,272,335,289,720,709,757,238,238,237,233,239,250,255,372,285,266,201,270,267,299,296,340,322,343,341,384,366,379,371,359,354,475,410,466,366,493,482,577,556,602,600,661,410,418,414,389,373,491,475,479,491,485,462,719,408,386,322,381,374,392,381,590,562,605,599,563,556,1123,1081,4133,2295]} 1. d4 Nf6 2. Nf3 g6 3. g3 Bg7 4. Bg2 O-O 5. c4 c5 6. Nc3 d6 7. O-O Nc6 8. d5 Na5 9. Nd2 a6 10. Qc2 b5 11. cxb5 {E66: King's Indian: Fianchetto: 6...c5 7 0-0 Nc6 8 d5} axb5 12. Nxb5 {LiveBook: 30 Games} Bf5 (12... Qb6 13. Nc3 Bf5 14. Qd1 {½-½ (14) Vasquez Schroder,R (2527)-Demuth,A (2551) Barcelona 2018}) 13. e4 {White is slightly better.} Bc8 14. Re1 Ba6 15. a4 $146 ({Predecessor:} 15. Na3 Ng4 16. Nf3 Qb6 17. Rb1 Rfb8 18. h3 Nf6 {1-0 (84) Li,D (2091)-Rambaldi,F (2385) Al Ain 2013}) 15... Qb6 16. Bf1 Ng4 17. Rb1 (17. Qd1 $16 h5 18. h3) 17... c4 18. Nxc4 Nxc4 19. Bxc4 Rac8 (19... Rfc8 $16 20. b3 Bxb5 21. axb5 Qxb5) 20. b3 $18 Bxb5 21. axb5 Bd4 {[%cal Rd4f2]} 22. Re2 f5 (22... Rc7 $142 23. Bf4 Rfc8) 23. Kg2 fxe4 24. Qxe4 Nxf2 $2 {[#]} (24... Ne5 25. f4 Nxc4) 25. Qe6+ Kg7 26. Be3 $2 (26. Qxe7+ Kh8 27. Bh6) 26... Bxe3 27. Qxe3 ({Don't do} 27. Rxe3 $6 Rc7 $16) 27... Qxe3 28. Rxe3 Ng4 29. Rxe7+ Kh6 (29... Rf7 $142) 30. Re4 Ne5 31. Rf1 Rfd8 32. Ra1 Rd7 33. Ra6 Rb8 34. Kf2 Kg7 35. Ke2 Kf6 36. Kd2 g5 37. Kc3 Kf5 38. Re2 Kg4 39. Kb4 Kf3 40. Rea2 Ke3 41. Ra7 Rdd8 42. Rxh7 Rdc8 43. Rh6 Kd4 {[%cal Re5c4]} 44. Rxd6 {[#] And now Rd2+ would win.} Nxc4 45. bxc4 Rxc4+ {[%mdl 4096] Endgame KRR-KRR} 46. Ka5 Rc5 47. Rb2 Rc1 48. Rc6 Ra1+ 49. Kb4 Rba8 (49... Kxd5 $142 50. Rc5+ Kd6 51. Rxg5 Rba8 52. Rd2+ Ke6) 50. Rc4+ Kxd5 51. Rd2+ Ke6 52. Rc6+ Ke7 53. Kc5 Rb8 (53... Rb1 $142 54. Re2+ Kf7) 54. Re2+ {White is clearly winning.} Kf7 {If only Black now had time for ...Rc1+....} 55. b6 {[%cal Bb5b6,Bb6b7][%mdl 32]} Rb1 56. Re4 Rb2 57. Rb4 Rxh2 58. b7 {Precision: White = 61%, Black = 24%.} 1-0

[Event "ROU-ch Men 2018"]
[Site "Olanesti"]
[Date "2018.05.20"]
[Round "7"]
[White "Szabo, Gergely-Andras-Gyul"]
[Black "Jianu, Vlad-Cristian"]
[Result "1/2-1/2"]
[WhiteElo "2541"]
[BlackElo "2532"]
[Annotator "TA"]
[PlyCount "50"]
[EventDate "2018.??.??"]
[EventType "swiss"]
[EventCountry "ROU"]
[SourceTitle "playchess.com"]
[Source "ChessBase"]
[SourceQuality "1"]

{[%evp 36,50,31,18,25,15,15,15,14,8,30,0,0,0,0,0,0]} 1. d4 Nf6 2. c4 e6 3. Nc3 Bb4 4. Qc2 O-O 5. Nf3 c5 6. dxc5 Na6 {[%cal Bb8a6,Ba6c5,Bc5e4][%mdl 32]} 7. g3 Nxc5 8. Bg2 Nce4 9. O-O Nxc3 10. bxc3 Be7 11. e4 d6 12. e5 dxe5 13. Nxe5 Qc7 14. Qe2 Nd7 {E39: Nimzo-Indian: Classical: 4...c5 5 dxc5 0-0} 15. Bf4 Nxe5 16. Bxe5 Bd6 17. Bxd6 (17. Rfe1 Rb8 18. Rad1 Bxe5 19. Qxe5 Qxe5 20. Rxe5 b6 21. c5 Ba6 22. c6 {½-½ (43) Nakamura,H (2781)-Caruana,F (2799) London 2017}) 17... Qxd6 18. Rfd1 Qc7 19. Qd3 {LiveBook: 3 Games} Rb8 20. Qd6 Qxd6 21. Rxd6 b6 22. Rb1 Bb7 23. Bxb7 Rxb7 {The position is equal.} 24. c5 {[#]} Rc8 $146 ({Predecessor:} 24... Rfb8 25. c4 Kf8 26. cxb6 axb6 27. Rc6 {½-½ (27) Devereaux,M (2437)-Kosten,A (2514) Hinckley Island 2009}) 25. cxb6 Kf8 1/2-1/2

[Event "ROU-ch Men 2018"]
[Site "Olanesti"]
[Date "2018.05.20"]
[Round "7"]
[White "Georgescu, Tiberiu-Marian"]
[Black "Manolache, Marius"]
[Result "1-0"]
[WhiteElo "2476"]
[BlackElo "2499"]
[Annotator "TA"]
[PlyCount "91"]
[EventDate "2018.??.??"]
[EventType "swiss"]
[EventCountry "ROU"]
[SourceTitle "playchess.com"]
[Source "ChessBase"]
[SourceQuality "1"]

{[%evp 13,91,25,35,29,68,37,58,46,41,0,0,0,0,0,0,0,0,0,0,0,0,-29,-25,-38,-27,-73,-14,-9,0,0,0,0,33,-11,0,0,32,19,19,31,29,37,37,31,55,56,118,122,118,126,120,122,131,0,89,0,102,96,262,245,401,317,1801,1922,1736,1432,2504,2415,2118,2214,1739,1718,1420,1412,1406,1368,2652,2321,29991,29992]} 1. d4 Nf6 2. Nf3 g6 3. Nbd2 Bg7 4. e4 O-O 5. Bd3 d6 6. O-O Nc6 7. c3 a6 {LiveBook: 6 Partien. B07: Pirc-Ufimzew-Verteidigung} (7... e5 8. dxe5 Nxe5 9. Nxe5 dxe5 10. Nc4 Qe7 11. Qe2 Rd8 12. Bg5 h6 13. Bh4 b6 14. Rfd1 Bb7 15. Ne3 a5 16. a4 h5 17. Bc4 Bh6 18. f3 Rxd1+ 19. Rxd1 {½-½ (42) Xiong,J (2640)-Shankland,S (2668) Saint Louis 2018}) 8. Re1 e6 9. a4 $146 ({Vorgänger:} 9. Qe2 e5 10. dxe5 dxe5 11. Nf1 Nh5 12. Bc2 {0-1 (60) Hillgaertner,W (1953)-Kaulfuss,H (2179) Hofheim 2013}) 9... b6 {Weiß steht etwas besser.} 10. Nf1 Bb7 11. e5 dxe5 12. dxe5 Nd7 $1 {[%cal Rc6e5]} 13. Bg5 Qe8 {[%cal Rc6e5]} 14. Bf4 Rd8 15. Qe2 Nc5 16. Bc2 a5 17. Rad1 Rxd1 18. Rxd1 Ne7 19. Ne3 Nd5 ({Günstiger ist} 19... Nxa4 $17 20. Bg5 Nd5 21. Nxd5 Bxd5) 20. Nxd5 $11 Bxd5 21. Rd4 Qa8 22. Bg5 Re8 23. Ne1 Nd7 24. f4 c5 25. Rd2 c4 26. Nf3 {[%cal Be1f3,Bf3d4,Bd4b5][%mdl 32]} Nc5 27. Nd4 Bf8 28. h4 {[%cal Bh2h4,Bh4h5][%mdl 32]} Qb7 29. h5 Qd7 (29... Be4 $14) 30. Nb5 $16 Qc6 31. Bf6 Nd7 32. Bh4 Nc5 33. Bf6 Nd7 $1 34. Bh4 Nc5 $1 35. Qg4 {[%cal Rh5g6]} Be4 $2 {[#]} (35... Nd3 $16) 36. Nd6 $1 $40 {[%cal Rd6e8][%mdl 128] Weiss will per K.O. gewinnen.} Rb8 $2 (36... Bxd6 {ist wohl besser.} 37. Rxd6 Qc7) 37. hxg6 hxg6 $2 (37... Bxg6 38. Rd4 (38. Nxc4 Ne4 $14) 38... Qc7) 38. Bf6 {Weiss droht Dh4 und Matt.} Bg7 39. Qh4 Rf8 40. Bxg7 Kxg7 41. g4 {[#] Weiss will mit Th2 Matt setzen.} Nd3 42. Rh2 {[%csl Gh2][%cal Rh4h7]} Qc5+ 43. Kf1 {[%csl Gh2][%cal Rh4h7]} Bg2+ 44. Kxg2 {[%csl Gh2][%cal Rh4h7]} Nxf4+ 45. Kf1 {[%csl Gh2][%cal Rh4h7]} Qxe5 46. Qh6+ {Precision: Weiß = 54%, Schwarz = 47%.} 1-0

[Event "ROU-ch Men 2018"]
[Site "Olanesti"]
[Date "2018.05.20"]
[Round "7"]
[White "Anton, Teodor"]
[Black "Vasiesiu, Victor"]
[Result "1-0"]
[WhiteElo "2426"]
[BlackElo "2327"]
[Annotator "TA"]
[PlyCount "46"]
[EventDate "2018.??.??"]
[EventType "swiss"]
[EventCountry "ROU"]
[SourceTitle "playchess.com"]
[Source "ChessBase"]
[SourceQuality "1"]

{[%evp 12,46,0,-28,-20,-21,0,-22,0,3,-10,-19,24,18,32,25,24,20,25,36,27,24,35,1,0,-30,-13,-83,-60,-68,-47,-238,-239,-490,-241,-230,29998]} 1. Nf3 d5 2. c4 d4 3. e3 Nc6 4. b4 dxe3 5. fxe3 Nxb4 6. d4 {A09: Reti-Eröffnung} e6 7. a3 {LiveBook: 3 Partien} (7. Bb2 Nf6 8. Nbd2 Be7 9. a3 Na6 10. Bd3 c5 11. O-O b6 12. Qc2 {1-0 (34) Piorun,K (2657)-Riazantsev,A (2671) Tallinn 2016}) 7... Nc6 8. Bb2 {Die Stellung ist ausgeglichen.} Nf6 9. Nbd2 Be7 10. Bd3 O-O 11. O-O Na5 12. e4 $146 {[%cal Be3e4,Be4d5][%mdl 32]} ({Vorgänger:} 12. Qc2) 12... c5 13. d5 exd5 14. exd5 b5 15. Ne5 bxc4 16. Ndxc4 Nxc4 17. Nxc4 Bg4 $36 {[%mdl 2048] Schwarz hat Druck.} 18. Qc2 {[#] Droht h3 und aus.} Qxd5 19. Rae1 (19. Ne3 $11 {hält das Gleichgewicht.} Qg5 20. Rae1) 19... Be6 20. Re5 Qd8 21. Rxf6 $2 (21. Bf5 $15) 21... Bxf6 $19 (21... gxf6 $2 {geht unter.} 22. Bxh7+ Kg7 23. Rg5+ Kh8 24. Rh5 $18) 22. Bxh7+ Kh8 23. Rh5 {[#] Droht Matt per Lg8+!} Bg4 $4 {[%mdl 8192] Precision: Weiß = 53%, Schwarz = 58%.} (23... Bd4+ $19 24. Kh1 Re8) 1-0

[Event "ROU-ch Men 2018"]
[Site "Olanesti"]
[Date "2018.05.20"]
[Round "7"]
[White "Manea, Alexandru"]
[Black "Raducanu, Andrei-Augustin"]
[Result "1-0"]
[WhiteElo "2402"]
[BlackElo "2063"]
[Annotator "ChessBase"]
[PlyCount "65"]
[EventDate "2018.??.??"]
[EventType "swiss"]
[EventCountry "ROU"]
[SourceTitle "playchess.com"]
[Source "ChessBase"]
[SourceQuality "1"]
[TimeControl "40/5400+30:1800+30"]

1. d4 {[%emt 0:34:08]} f5 {[%emt 0:00:08]} 2. Nc3 {[%emt 0:00:13]} Nf6 {[%emt 0:00:06]} 3. h4 {[%emt 0:00:07]} e6 {[%emt 0:00:21]} 4. h5 {[%emt 0:00:08]} b6 {[%emt 0:01:11]} 5. a3 {[%emt 0:09:11]} Bb7 {[%emt 0:00:19]} 6. Nf3 {[%emt 0:00:11]} d6 {[%emt 0:07:12]} 7. Bf4 {[%emt 0:00:19]} Qd7 {[%emt 0:07:55]} 8. e3 {[%emt 0:00:21]} Nc6 {[%emt 0:01:17]} 9. Bc4 {[%emt 0:00:53]} Ne7 {[%emt 0:04:22]} 10. Bg5 {[%emt 0:07:32]} Nfd5 {[%emt 0:07:14]} 11. Ne2 {[%emt 0:00:47]} Ng8 {[%emt 0:03:29]} 12. Ba2 {[%emt 0:01:07]} Be7 {[%emt 0:00:26]} 13. c4 {[%emt 0:00:13]} Ndf6 {[%emt 0:00:37]} 14. Nf4 {[%emt 0:00:58]} Ne4 {[%emt 0:19:17]} 15. Bxe7 {[%emt 0:01:04]} Nxe7 {[%emt 0:00:05]} 16. d5 {[%emt 0:00:19]} e5 {[%emt 0:02:21]} 17. Ne6 {[%emt 0:00:18]} Ng8 {[%emt 0:00:30]} 18. Bb3 {[%emt 0:01:58]} Qe7 {[%emt 0:11:31]} 19. Ba4+ {[%emt 0:02:12]} Kf7 {[%emt 0:00:06]} 20. Bc2 {[%emt 0:00:23]} Ngf6 {[%emt 0:03:18]} 21. Nfg5+ {[%emt 0:04:52]} Kg8 {[%emt 0:00:29]} 22. Nxe4 {[%emt 0:00:18]} Nxe4 {[%emt 0:00:45]} 23. Bxe4 {[%emt 0:09:45]} fxe4 {[%emt 0:00:04]} 24. h6 {[%emt 0:00:04]} g6 {[%emt 0:00:27]} 25. Qg4 {[%emt 0:00:51]} c6 {[%emt 0:05:57]} 26. Rd1 {[%emt 0:03:01]} Rc8 {[%emt 0:08:47]} 27. O-O {[%emt 0:02:16]} Ba6 {[%emt 0:04:30]} 28. Ng5 {[%emt 0:02:05]} cxd5 {[%emt 0:02:56]} 29. cxd5 {[%emt 0:04:14]} Rc2 {[%emt 0:02:23]} 30. Rc1 {[%emt 0:01:16]} Rc5 {[%emt 0:01:23]} 31. b4 {[%emt 0:00:54]} Rc4 {[%emt 0:03:14]} 32. Rxc4 {[%emt 0:00:10]} Bxc4 {[%emt 0:00:02]} 33. Qc8+ {[%emt 0:00:06]} 1-0

[Event "ROU-ch Men 2018"]
[Site "Olanesti"]
[Date "2018.05.20"]
[Round "7"]
[White "Posedaru, Bogdan"]
[Black "Secheres, Adrian-Simion"]
[Result "0-1"]
[WhiteElo "2307"]
[BlackElo "2404"]
[Annotator "ChessBase"]
[PlyCount "60"]
[EventDate "2018.??.??"]
[EventType "swiss"]
[EventCountry "ROU"]
[SourceTitle "playchess.com"]
[Source "ChessBase"]
[SourceQuality "1"]
[TimeControl "40/5400+30:1800+30"]

1. d4 {[%emt 0:01:04]} Nf6 {[%emt 0:00:19]} 2. c4 {[%emt 0:00:05]} g6 {[%emt 0:00:25]} 3. Nc3 {[%emt 0:00:05]} Bg7 {[%emt 0:00:11]} 4. e4 {[%emt 0:00:04]} d6 {[%emt 0:00:06]} 5. f3 {[%emt 0:00:04]} O-O {[%emt 0:00:28]} 6. Nge2 {[%emt 0:00:09]} c5 {[%emt 0:00:26]} 7. d5 {[%emt 0:00:24]} a6 {[%emt 0:02:21]} 8. a4 {[%emt 0:01:49]} e6 {[%emt 0:01:02]} 9. Ng3 {[%emt 0:00:54]} exd5 {[%emt 0:00:38]} 10. cxd5 {[%emt 0:00:06]} h5 {[%emt 0:04:43]} 11. Bg5 {[%emt 0:10:32]} Qb6 {[%emt 0:09:01]} 12. Qd2 {[%emt 0:00:40]} Re8 {[%emt 0:05:56]} 13. Be2 {[%emt 0:11:13]} Nh7 {[%emt 0:01:48]} 14. Be3 {[%emt 0:07:30]} h4 {[%emt 0:01:54]} 15. Nf1 {[%emt 0:00:04]} Nd7 {[%emt 0:03:48]} 16. Qc2 {[%emt 0:02:09]} Qd8 {[%emt 0:10:01]} 17. Nd2 {[%emt 0:03:57]} f5 {[%emt 0:05:03]} 18. O-O {[%emt 0:03:58]} f4 {[%emt 0:24:17]} 19. Bf2 {[%emt 0:09:58]} Ne5 {[%emt 0:02:28]} 20. Nc4 {[%emt 0:00:24]} Nxc4 {[%emt 0:01:00]} 21. Bxc4 {[%emt 0:00:04]} Be5 {[%emt 0:00:57]} 22. Rfd1 {[%emt 0:12:38]} Qg5 {[%emt 0:05:38]} 23. Kf1 {[%emt 0:00:32]} h3 {[%emt 0:01:40]} 24. gxh3 {[%emt 0:01:19]} Qh5 {[%emt 0:00:11]} 25. h4 {[%emt 0:15:10]} Qxf3 {[%emt 0:02:13]} 26. Ne2 {[%emt 0:06:51]} Nf6 {[%emt 0:03:41]} 27. Ng1 {[%emt 0:02:26]} Qh1 {[%emt 0:00:51]} 28. Ra3 {[%emt 0:01:25]} Nxe4 {[%emt 0:04:51]} 29. Re1 {[%emt 0:00:09]} Bf5 {[%emt 0:01:01]} 30. Bd3 {[%emt 0:00:36]} Bg7 {[%emt 0:00:46]} 0-1

[Event "ROU-ch Men 2018"]
[Site "Olanesti"]
[Date "2018.05.20"]
[Round "7"]
[White "Pop, Alexandru"]
[Black "Ciorgovean, Iustin"]
[Result "1/2-1/2"]
[WhiteElo "2302"]
[BlackElo "2169"]
[Annotator "ChessBase"]
[PlyCount "96"]
[EventDate "2018.??.??"]
[EventType "swiss"]
[EventCountry "ROU"]
[SourceTitle "playchess.com"]
[Source "ChessBase"]
[SourceQuality "1"]
[TimeControl "40/5400+30:1800+30"]

1. d4 {[%emt 0:00:34]} Nf6 {[%emt 0:00:06]} 2. c4 {[%emt 0:00:03]} g6 {[%emt 0:01:22]} 3. Nc3 {[%emt 0:00:07]} Bg7 {[%emt 0:00:05]} 4. e4 {[%emt 0:00:05]} O-O {[%emt 0:00:05]} 5. Nf3 {[%emt 0:00:04]} d6 {[%emt 0:00:04]} 6. Be2 {[%emt 0:00:06]} Na6 {[%emt 0:00:40]} 7. O-O {[%emt 0:00:21]} e5 {[%emt 0:00:05]} 8. Be3 {[%emt 0:00:10]} c6 {[%emt 0:00:20]} 9. d5 {[%emt 0:06:33]} Ng4 {[%emt 0:00:38]} 10. Bg5 {[%emt 0:00:07]} f6 {[%emt 0:00:12]} 11. Bh4 {[%emt 0:00:16]} c5 {[%emt 0:00:14]} 12. Ne1 {[%emt 0:01:07]} Nh6 {[%emt 0:02:42]} 13. f3 {[%emt 0:00:16]} g5 {[%emt 0:02:26]} 14. Bf2 {[%emt 0:00:05]} f5 {[%emt 0:00:07]} 15. Nd3 {[%emt 0:00:05]} f4 {[%emt 0:08:06]} 16. Rb1 {[%emt 0:00:27]} Nf7 {[%emt 0:09:58]} 17. b4 {[%emt 0:00:18]} cxb4 {[%emt 0:01:34]} 18. Nb5 {[%emt 0:00:12]} b6 {[%emt 0:10:52]} 19. Nxb4 {[%emt 0:00:11]} Nc5 {[%emt 0:01:42]} 20. Nc6 {[%emt 0:04:48]} Qd7 {[%emt 0:01:34]} 21. a4 {[%emt 0:01:22]} h5 {[%emt 0:00:56]} 22. a5 {[%emt 0:03:05]} Bf6 {[%emt 0:09:33]} 23. Ra1 {[%emt 0:02:07]} Ba6 {[%emt 0:04:25]} 24. Qc2 {[%emt 0:08:12]} g4 {[%emt 0:03:48]} 25. Rfb1 {[%emt 0:00:12]} Ng5 {[%emt 0:02:09]} 26. Nbxa7 {[%emt 0:08:41]} gxf3 {[%emt 0:12:22]} 27. Bxf3 {[%emt 0:00:33]} Nxf3+ {[%emt 0:02:17]} 28. gxf3 {[%emt 0:00:05]} Kh7 {[%emt 0:02:46]} 29. Bxc5 {[%emt 0:14:38]} Qh3 {[%emt 0:04:12]} 30. Ra3 {[%emt 0:00:25]} Rg8+ {[%emt 0:00:52]} 31. Kh1 {[%emt 0:00:12]} bxc5 {[%emt 0:01:23]} 32. Nb5 {[%emt 0:00:09]} Rg6 {[%emt 0:02:29]} 33. Qe2 {[%emt 0:00:19]} Rag8 {[%emt 0:00:59]} 34. Ra2 {[%emt 0:00:05]} Rg2 {[%emt 0:03:08]} 35. Qxg2 {[%emt 0:00:31]} Rxg2 {[%emt 0:00:05]} 36. Rxg2 {[%emt 0:00:05]} Qxf3 {[%emt 0:00:10]} 37. Nxd6 {[%emt 0:13:17]} h4 {[%emt 0:02:14]} 38. Kg1 {[%emt 0:12:33]} h3 {[%emt 0:00:18]} 39. Rf2 {[%emt 0:00:13]} Qe3 {[%emt 0:02:50]} 40. Kf1 {[%emt 0:00:00]} Bh4 {[%emt 0:00:51]} 41. Rfb2 {[%emt 0:06:57]} Qd3+ {[%emt 0:17:38]} 42. Kg1 {[%emt 0:00:11]} f3 {[%emt 0:01:54]} 43. Rb7+ {[%emt 0:00:07]} Bxb7 {[%emt 0:00:13]} 44. Rxb7+ {[%emt 0:00:05]} Kh6 {[%emt 0:02:11]} 45. Nf5+ {[%emt 0:00:13]} Kg5 {[%emt 0:00:45]} 46. Rg7+ {[%emt 0:00:05]} Kh5 {[%emt 0:03:08]} 47. Rh7+ {[%emt 0:00:11]} Kg5 {[%emt 0:00:37]} 48. Rg7+ Kh5 1/2-1/2

[Event "ROU-ch Men 2018"]
[Site "Olanesti"]
[Date "2018.05.20"]
[Round "7"]
[White "Pisu, Robert-Daniel"]
[Black "Stoleriu, George"]
[Result "0-1"]
[WhiteElo "2254"]
[BlackElo "2333"]
[Annotator "NA"]
[PlyCount "90"]
[EventDate "2018.??.??"]
[EventType "swiss"]
[EventCountry "ROU"]
[SourceTitle "playchess.com"]
[Source "ChessBase"]
[SourceQuality "1"]
[TimeControl "40/5400+30:1800+30"]

1. d4 {[%emt 0:00:00]} e6 {[%emt 0:00:04]} 2. Nf3 {[%emt 0:00:00]} Nf6 {[%emt 0:00:13]} 3. c4 {[%emt 0:00:26]} Bb4+ {[%emt 0:00:06]} 4. Nbd2 {[%emt 0:00:22]} b6 {[%emt 0:00:57]} 5. e3 {[%emt 0:00:24]} Bb7 {[%emt 0:00:17]} 6. Bd3 {[%emt 0:00:16]} O-O {[%emt 0:01:03]} 7. O-O {[%emt 0:00:12] LiveBook: 436 Games} Bxd2 {[%emt 0:01:57]} 8. Nxd2 {[%emt 0:00:35]} c5 {[%emt 0:01:57] E14: Queen's Indian: Classical Variation (4 e3)} (8... d6 9. b3 e5 10. Bb2 Qe7 11. Qc2 c5 12. d5 Nbd7 13. Rae1 Rae8 14. e4 Nh5 15. g3 g6 16. Kh1 {1-0 (36) Kosic,D (2517)-Milanovic,S (2395) Niksic 2016}) 9. b3 {[%emt 0:00:32]} cxd4 {[%emt 0:04:37]} 10. exd4 {[%emt 0:00:15]} d5 {[%emt 0:01:12]} 11. Bb2 {[%emt 0:00:47]} Nc6 {[%emt 0:02:44]} 12. Nf3 {[%emt 0:01:28]} Rc8 {[%emt 0:03:16]} 13. Rc1 {[%emt 0:08:19]} Re8 $146 {[%emt 0:12:28]} ({Predecessor:} 13... Qe7 14. Qe2 Rfd8 15. Rfd1 h6 16. Ne5 Nxe5 17. dxe5 {0-1 (31) Elguezabal Selioutin,D (1844)-Angelina Vela,C (2098) Collado Villalba 2017}) 14. Re1 {[%emt 0:06:37]} dxc4 {[%emt 0:15:17]} 15. bxc4 {[%emt 0:01:10]} Qd6 {[%emt 0:04:06]} 16. Bb1 {[%emt 0:21:06]} Red8 {[%emt 0:07:48]} 17. Qd3 {[%emt 0:11:52]} Nb4 {[%emt 0:07:20]} 18. Qb3 {[%emt 0:00:57]} Nc6 {[%emt 0:01:10]} 19. Qe3 {[%emt 0:09:07]} Na5 {[%emt 0:18:03]} 20. Ne5 {[%emt 0:02:42]} b5 {[%emt 0:01:17]} 21. c5 {[%emt 0:15:30]} Qd5 {[%emt 0:00:21]} 22. Qh3 {[%emt 0:00:12]} h6 {[%emt 0:01:00]} 23. Re3 {[%emt 0:01:42]} (23. f4 $16) 23... Nc6 {[%emt 0:01:19]} 24. Nxc6 {[%emt 0:03:06]} Bxc6 {[%emt 0:00:05]} 25. Re5 {[%emt 0:03:39]} Qd7 {[%emt 0:00:08]} 26. Rce1 {[%emt 0:01:04]} Qc7 {[%emt 0:03:51]} 27. Qh4 {[%emt 0:02:52]} Rd5 {[%emt 0:02:38]} 28. Rxd5 {[%emt 0:00:45]} Nxd5 {[%emt 0:00:14]} 29. Bc1 {[%emt 0:04:04]} Qe7 {[%emt 0:00:59]} 30. Qe4 {[%emt 0:01:33]} Nf6 {[%emt 0:00:04]} 31. Qh4 {[%emt 0:00:30]} Rd8 {[%emt 0:06:04]} 32. h3 {[%emt 0:01:16]} Kf8 {[%emt 0:02:37]} 33. Be3 {[%emt 0:01:47]} Ng8 {[%emt 0:01:11]} 34. Qf4 {[%emt 0:00:52]} Qb7 {[%emt 0:00:26]} 35. f3 {[%emt 0:00:19]} Nf6 {[%emt 0:00:16]} 36. Qh4 {[%emt 0:00:31]} Qe7 {[%emt 0:00:06]} 37. Bg5 $2 {[%emt 0:01:03]} (37. Bf2 $11) 37... hxg5 {[%emt 0:00:33]} 38. Qh8+ {[%emt 0:00:04]} Ng8 {[%emt 0:00:02]} 39. Bh7 {[%emt 0:00:04]} Qf6 {[%emt 0:00:25]} 40. Bxg8 {[%emt 0:00:00]} Qxd4+ {[%emt 0:00:31]} 41. Kh1 {[%emt 0:01:42]} Ke7 {[%emt 0:05:22]} 42. Qh7 {[%emt 0:04:31]} Qf6 {[%emt 0:03:12]} 43. Kg1 {[%emt 0:03:47]} Rd2 {[%emt 0:00:58]} 44. Qh5 {[%emt 0:00:50]} g6 {[%emt 0:00:41]} 45. Qg4 $19 {[%emt 0:00:30]} Qd4+ {[%emt 0:00:12]} 0-1